TVET teacher CPD. practices and policy recommendations/ (Record no. 32215)

000 -LEADER
fixed length control field 00650nam a2200193 4500
008 - FIXED-LENGTH DATA ELEMENTS--GENERAL INFORMATION
fixed length control field 250326b |||||||| |||| 00| 0 eng d
020 ## - INTERNATIONAL STANDARD BOOK NUMBER
International Standard Book Number 9789634219255
040 ## - CATALOGING SOURCE
Original cataloging agency MksU
050 ## - LIBRARY OF CONGRESS CALL NUMBER
Classification number LC 1041
Item number .N54 2022
100 ## - MAIN ENTRY--PERSONAL NAME
Personal name Njenga Moses
245 ## - TITLE STATEMENT
Title TVET teacher CPD. practices and policy recommendations/
Statement of responsibility, etc. Moses Njenga
260 ## - PUBLICATION, DISTRIBUTION, ETC. (IMPRINT)
Place of publication, distribution, etc. Hungary :
Name of publisher, distributor, etc. Budapest university of technology and economics,
Date of publication, distribution, etc. 2022
300 ## - PHYSICAL DESCRIPTION
Extent 95p. ;
Dimensions 24cm.
440 ## - SERIES STATEMENT/ADDED ENTRY--TITLE
International Standard Serial Number 27862267
504 ## - BIBLIOGRAPHY, ETC. NOTE
Bibliography, etc Include bibliographic ref.
650 ## - SUBJECT ADDED ENTRY--TOPICAL TERM
Topical term or geographic name as entry element Training of vocational education teachers
650 ## - SUBJECT ADDED ENTRY--TOPICAL TERM
Topical term or geographic name as entry element Vocational education
942 ## - ADDED ENTRY ELEMENTS (KOHA)
Source of classification or shelving scheme
Classification part LC 1041 .N54 2022
Koha item type Hard Covered Materials
Holdings
Withdrawn status Lost status Source of classification or shelving scheme Damaged status Not for loan Home library Current library Shelving location Date acquired Source of acquisition Total Checkouts Full call number Barcode Date last seen Price effective from Koha item type
          MACHAKOS UNIVERSITY LIBRARY MACHAKOS UNIVERSITY LIBRARY Open shelf 26/03/2025 Donation - Moses Njenga   LC 1041 .N54 2022 40126 26/03/2025 26/03/2025 Hard Covered Materials
          MACHAKOS UNIVERSITY LIBRARY MACHAKOS UNIVERSITY LIBRARY Open shelf 26/03/2025 Donation - Moses Njenga   LC 1041 .N54 2022 40127 26/03/2025 26/03/2025 Hard Covered Materials
          MACHAKOS UNIVERSITY LIBRARY MACHAKOS UNIVERSITY LIBRARY Open shelf 26/03/2025 Donation - Moses Njenga   LC 1041 .N54 2022 40128 26/03/2025 26/03/2025 Hard Covered Materials
          MACHAKOS UNIVERSITY LIBRARY MACHAKOS UNIVERSITY LIBRARY Open shelf 26/03/2025 Donation - Moses Njenga   LC 1041 .N54 2022 40129 26/03/2025 26/03/2025 Hard Covered Materials
© Machakos University Library, Along The Highway, Machakos Wote Rd, Machakos, Kenya P.O. Box 136 - 90100 Machakos - Kenya

Tel: ( +254 ) 723 805829 OR Fax : 044-20353 OR Email: library@mksu.ac.ke